000 00486nam a2200181Ia 4500
008 090123s9999 xx 000 0 und d
082 _b26898
100 _aगोडबोले अरुण
245 _aअंतत:
250 _a1
260 _bमेहता प्रकाशन
300 _a100
600 _aगोडबोले अरुण
630 _aअंतत:
700 _aगोडबोले अरुण
730 _aअंतत:
942 _cBOOK
999 _c64967
_d64967